[Event "20. Obert Int. Sant Marti 2018 - B"]
[Site "Barcelona ESP"]
[Date "2018.07.21"]
[Round "9.19"]
[White "Colom Andres, Xavier"]
[Black "Moncunill Calvet, Pol"]
[Result "1/2-1/2"]
[WhiteElo "1838"]
[BlackElo "1621"]
[PlyCount "86"]
[EventDate "2018.07.13"]
[EventType "swiss"]
[EventRounds "9"]
[EventCountry "ESP"]
[SourceTitle "Ajedrez en Madrid"]
[Source "lmi"]
[SourceDate "2018.07.13"]
[SourceVersion "1"]
[SourceVersionDate "2019.06.21"]
[SourceQuality "1"]

1. d4 d5 2. c4 e6 3. Nc3 Nf6 4. cxd5 exd5 5. Bg5 c6 6. Qc2 Be6 7. e3 Nbd7 8.
Bd3 h6 9. Bh4 Bd6 10. Nge2 Qc7 11. Rc1 Rc8 12. Bg3 a6 13. O-O O-O 14. Kh1 Rfe8
15. a3 Nb6 16. Nf4 Kh8 17. Nxe6 fxe6 18. Bg6 Rf8 19. Ne2 e5 20. dxe5 Bxe5 21.
Bf5 Rcd8 22. Nd4 Nh5 23. Ne6 Nxg3+ 24. hxg3 Qf7 25. Nxf8 Qh5+ 26. Kg1 Rxf8 27.
Bd3 Nd7 28. Qe2 Qe8 29. b4 Nf6 30. e4 dxe4 31. Bxe4 h5 32. Rce1 Bc3 33. Qd3
Bxe1 34. Rxe1 Nxe4 35. Rxe4 Qg6 36. Qe2 Qf6 37. Qxh5+ Kg8 38. Rf4 Qa1+ 39. Kh2
Rxf4 40. gxf4 Qxa3 41. Qe8+ Kh7 42. Qe4+ Kg8 43. f5 Qb2 1/2-1/2

[Event "20. Obert Int. Sant Marti 2018 - B"]
[Site "Barcelona ESP"]
[Date "2018.07.21"]
[Round "9.20"]
[White "Garcia Clemente, Julian Fco."]
[Black "Gorti, Atmika"]
[Result "1-0"]
[WhiteElo "1828"]
[BlackElo "1712"]
[PlyCount "61"]
[EventDate "2018.07.13"]
[EventType "swiss"]
[EventRounds "9"]
[EventCountry "ESP"]
[SourceTitle "Ajedrez en Madrid"]
[Source "lmi"]
[SourceDate "2018.07.13"]
[SourceVersion "1"]
[SourceVersionDate "2019.06.21"]
[SourceQuality "1"]

1. d4 Nf6 2. c4 g6 3. Nc3 d5 4. Bf4 Bg7 5. Rc1 Nc6 6. e3 dxc4 7. Bxc4 O-O 8. h3
e6 9. Nf3 a6 10. a3 b5 11. Be2 Bb7 12. O-O Rc8 13. Nd2 Ne7 14. Nb3 Nd7 15. Bf3
Bxf3 16. Qxf3 c5 17. Rfd1 cxd4 18. exd4 Qb6 19. Ne4 Nf5 20. Be3 Rxc1 21. Rxc1
Nxd4 22. Nxd4 Bxd4 23. Bxd4 Qxd4 24. Rd1 Qxb2 25. Rxd7 Qa1+ 26. Rd1 Qb2 27. Qd3
Qe5 28. g3 Rb8 29. f4 Qc7 30. Qd4 a5 31. Nf6+ 1-0

[Event "20. Obert Int. Sant Marti 2018 - B"]
[Site "Barcelona ESP"]
[Date "2018.07.21"]
[Round "9.22"]
[White "Cano Vila, Eduard"]
[Black "Lopez Manzano, Antonio"]
[Result "0-1"]
[WhiteElo "1694"]
[BlackElo "1900"]
[PlyCount "54"]
[EventDate "2018.07.13"]
[EventType "swiss"]
[EventRounds "9"]
[EventCountry "ESP"]
[SourceTitle "Ajedrez en Madrid"]
[Source "lmi"]
[SourceDate "2018.07.13"]
[SourceVersion "1"]
[SourceVersionDate "2019.06.21"]
[SourceQuality "1"]

1. e4 c5 2. d3 g6 3. Nf3 Bg7 4. Nbd2 Nc6 5. c3 d5 6. Qe2 Nf6 7. g3 O-O 8. Bg2
Rb8 9. O-O e6 10. h3 b5 11. Nh2 Nh5 12. Ndf3 Qc7 13. Ng4 f5 14. exf5 exf5 15.
Nh6+ Kh8 16. Nh4 f4 17. Ng4 fxg3 18. Bxd5 gxf2+ 19. Rxf2 Qg3+ 20. Rg2 Qxh4 21.
Bxc6 Rb6 22. Bf3 Qxh3 23. Nh2 Re6 24. Qd1 Be5 25. Bg4 Bxh2+ 26. Kh1 Ng3+ 27.
Rxg3 Bb7+ 0-1

[Event "20. Obert Int. Sant Marti 2018 - B"]
[Site "Barcelona ESP"]
[Date "2018.07.21"]
[Round "9.23"]
[White "Santos Ramos, Carlos"]
[Black "Gonzalez Moreno, Antoni"]
[Result "0-1"]
[WhiteElo "1866"]
[BlackElo "1667"]
[PlyCount "74"]
[EventDate "2018.07.13"]
[EventType "swiss"]
[EventRounds "9"]
[EventCountry "ESP"]
[SourceTitle "Ajedrez en Madrid"]
[Source "lmi"]
[SourceDate "2018.07.13"]
[SourceVersion "1"]
[SourceVersionDate "2019.06.21"]
[SourceQuality "1"]

1. d4 d5 2. Bf4 Bf5 3. Nf3 Nf6 4. h3 h6 5. e3 e6 6. Be2 Bd6 7. Ne5 c6 8. O-O
Qc7 9. Bh2 Nbd7 10. f4 O-O 11. Nd2 Ne4 12. c4 c5 13. Rc1 f6 14. Nef3 Qb6 15.
cxd5 exd5 16. Nh4 Bh7 17. Nb3 c4 18. Nd2 Qxb2 19. Nxe4 Bxe4 20. Rf2 Ba3 21.
Rxc4 Rac8 22. Rxc8 Rxc8 23. Qa4 Nb6 24. Qxa7 Rc2 25. Bg3 Rxe2 26. Rxe2 Qxe2 27.
Qxa3 Nc4 28. Qa8+ Kh7 29. f5 Nxe3 30. Qe8 Bxf5 31. Qf7 Be4 32. Bd6 Qe1+ 33. Kh2
Qxh4 34. g3 Nf1+ 35. Kg1 Qxh3 36. Kf2 Qg2+ 37. Ke1 Bd3 0-1

[Event "20. Obert Int. Sant Marti 2018 - B"]
[Site "Barcelona ESP"]
[Date "2018.07.21"]
[Round "9.24"]
[White "Pereda Villalba, Julian"]
[Black "Munoz Lozano, Jorge Manuel"]
[Result "0-1"]
[WhiteElo "1669"]
[BlackElo "1787"]
[PlyCount "70"]
[EventDate "2018.07.13"]
[EventType "swiss"]
[EventRounds "9"]
[EventCountry "ESP"]
[SourceTitle "Ajedrez en Madrid"]
[Source "lmi"]
[SourceDate "2018.07.13"]
[SourceVersion "1"]
[SourceVersionDate "2019.06.21"]
[SourceQuality "1"]

1. d4 g6 2. c4 Bg7 3. Nc3 d6 4. e4 Nd7 5. Be3 e5 6. d5 Ngf6 7. Be2 a5 8. Bf3
Qe7 9. Nge2 Nc5 10. h3 O-O 11. Qd2 Ncxe4 12. Bxe4 Nxe4 13. Nxe4 f5 14. Bg5 Qf7
15. N4c3 f4 16. f3 Bf5 17. Ne4 h6 18. Bh4 Bxe4 19. fxe4 f3 20. gxf3 Qxf3 21.
O-O-O Qxe4 22. Be1 Qxh1 23. Bh4 Qe4 24. Be1 Qxc4+ 25. Nc3 e4 26. Qe2 Qc5 27.
Qxe4 Kh7 28. Bd2 Rae8 29. Qd3 Rf2 30. Rg1 Rf5 31. Rg2 Ree5 32. Kb1 b5 33. a3 b4
34. Qg3 g5 35. axb4 axb4 0-1

[Event "20. Obert Int. Sant Marti 2018 - B"]
[Site "Barcelona ESP"]
[Date "2018.07.21"]
[Round "9.25"]
[White "Elizondo Marquet, Juan Marcos"]
[Black "Aagam, Aditya E"]
[Result "0-1"]
[WhiteElo "1767"]
[BlackElo "1579"]
[PlyCount "72"]
[EventDate "2018.07.13"]
[EventType "swiss"]
[EventRounds "9"]
[EventCountry "ESP"]
[SourceTitle "Ajedrez en Madrid"]
[Source "lmi"]
[SourceDate "2018.07.13"]
[SourceVersion "1"]
[SourceVersionDate "2019.06.21"]
[SourceQuality "1"]

1. e4 e5 2. Nf3 Nc6 3. d4 exd4 4. Nxd4 Bc5 5. Nb3 Bb6 6. Qe2 Qf6 7. Nc3 Nge7 8.
h4 h6 9. Be3 d6 10. O-O-O Be6 11. f3 Ne5 12. Nd5 Bxd5 13. exd5 O-O 14. Rh3 Nf5
15. Bf2 Nc4 16. Qxc4 Bxf2 17. Qe2 Bxh4 18. Nd2 Bg5 19. Kb1 Bxd2 20. Qxd2 Rfe8
21. Bd3 Ne3 22. Rdh1 Nxd5 23. Be4 Nf4 24. Rh4 Ng6 25. Rh5 c6 26. g4 d5 27. Rf5
Qe7 28. Bd3 Qe3 29. Qd1 Re5 30. a3 Rae8 31. Ka2 Rxf5 32. Bxf5 Qe2 33. Qd4 Qxf3
34. Rh2 Qf4 35. Qg1 Qe3 36. Bd3 Qxg1 0-1

[Event "20. Obert Int. Sant Marti 2018 - B"]
[Site "Barcelona ESP"]
[Date "2018.07.21"]
[Round "9.26"]
[White "Palau Soriano, Ricard"]
[Black "Diaz Rendon, Nicoll"]
[Result "1/2-1/2"]
[WhiteElo "1637"]
[BlackElo "1760"]
[PlyCount "65"]
[EventDate "2018.07.13"]
[EventType "swiss"]
[EventRounds "9"]
[EventCountry "ESP"]
[SourceTitle "Ajedrez en Madrid"]
[Source "lmi"]
[SourceDate "2018.07.13"]
[SourceVersion "1"]
[SourceVersionDate "2019.06.21"]
[SourceQuality "1"]

1. e4 c5 2. Nf3 Nc6 3. d4 cxd4 4. Nxd4 g6 5. Nc3 Bg7 6. Be3 Nf6 7. Bc4 O-O 8.
Bb3 d6 9. f3 Bd7 10. Qd2 Na5 11. O-O-O Rb8 12. g4 b5 13. h4 h5 14. gxh5 Nxh5
15. Rdg1 Nxb3+ 16. cxb3 Qa5 17. Kb1 b4 18. Nd5 e6 19. Ne7+ Kh7 20. Ndc6 Bxc6
21. Nxc6 Qa6 22. Nxb8 Rxb8 23. Rc1 d5 24. Rhg1 d4 25. Bf2 Bh6 26. Qxd4 Bxc1 27.
Rxc1 Rb7 28. Rc8 Qf1+ 29. Kc2 Qe2+ 30. Kc1 e5 31. Qd8 Qf1+ 32. Kc2 Qxf2+ 33.
Kc1 1/2-1/2

[Event "20. Obert Int. Sant Marti 2018 - B"]
[Site "Barcelona ESP"]
[Date "2018.07.21"]
[Round "9.27"]
[White "Martinez Hernandez, Emili"]
[Black "Sans Bascu, Joaquin"]
[Result "1/2-1/2"]
[WhiteElo "1750"]
[BlackElo "1556"]
[PlyCount "28"]
[EventDate "2018.07.13"]
[EventType "swiss"]
[EventRounds "9"]
[EventCountry "ESP"]
[SourceTitle "Ajedrez en Madrid"]
[Source "lmi"]
[SourceDate "2018.07.13"]
[SourceVersion "1"]
[SourceVersionDate "2019.06.21"]
[SourceQuality "1"]

1. d4 d5 2. c4 e6 3. Nf3 c6 4. cxd5 cxd5 5. Nc3 f5 6. e3 Nf6 7. Ne5 a6 8. Bd3
Bd6 9. f4 O-O 10. O-O Bd7 11. Qe2 Ne4 12. Nxd7 Nxd7 13. Bxe4 fxe4 14. Qg4 Qf6
1/2-1/2

[Event "20. Obert Int. Sant Marti 2018 - B"]
[Site "Barcelona ESP"]
[Date "2018.07.21"]
[Round "9.28"]
[White "Escofet Llongueras, Joan"]
[Black "Serentill Tost, Eduard"]
[Result "1-0"]
[WhiteElo "1623"]
[BlackElo "1745"]
[PlyCount "56"]
[EventDate "2018.07.13"]
[EventType "swiss"]
[EventRounds "9"]
[EventCountry "ESP"]
[SourceTitle "Ajedrez en Madrid"]
[Source "lmi"]
[SourceDate "2018.07.13"]
[SourceVersion "1"]
[SourceVersionDate "2019.06.21"]
[SourceQuality "1"]

1. c4 Nf6 2. Nc3 g6 3. g3 Bg7 4. Bg2 d6 5. e4 O-O 6. Nge2 e5 7. O-O Nc6 8. d3
Be6 9. h3 a6 10. Be3 h6 11. Nd5 Nd7 12. Qd2 Kh7 13. f4 Bxd5 14. cxd5 exf4 15.
gxf4 Ne7 16. d4 f5 17. e5 Nb6 18. Nc3 dxe5 19. dxe5 Nc4 20. Qe2 Nxe3 21. Qxe3
c6 22. d6 Nc8 23. Rad1 Qb6 24. Kf2 Qxb2+ 25. Rd2 Qb6 26. Rb1 Qxe3+ 27. Kxe3 Rf7
28. d7 Nd6 1-0

[Event "20. Obert Int. Sant Marti 2018 - B"]
[Site "Barcelona ESP"]
[Date "2018.07.21"]
[Round "9.29"]
[White "Grasa Solanas, Oscar"]
[Black "Bao, Jin Wen"]
[Result "0-1"]
[WhiteElo "1732"]
[BlackElo "1302"]
[PlyCount "60"]
[EventDate "2018.07.13"]
[EventType "swiss"]
[EventRounds "9"]
[EventCountry "ESP"]
[SourceTitle "Ajedrez en Madrid"]
[Source "lmi"]
[SourceDate "2018.07.13"]
[SourceVersion "1"]
[SourceVersionDate "2019.06.21"]
[SourceQuality "1"]

1. e4 c5 2. Nf3 d6 3. d4 cxd4 4. Nxd4 Nf6 5. Nc3 a6 6. Be2 e5 7. Nb3 Be7 8. Bg5
O-O 9. Qd2 Nbd7 10. O-O-O b5 11. f3 b4 12. Nb1 a5 13. g4 Ba6 14. h4 Qc7 15.
Bxf6 Nxf6 16. h5 Rfc8 17. Na1 h6 18. Rdg1 Nxe4 19. Qe1 Bg5+ 20. Kd1 Nf6 21. Nd2
Nd5 22. Nf1 Nf4 23. Bxa6 Rxa6 24. Rh2 Nd3 25. Qe2 Nxb2+ 26. Ke1 Qc3+ 27. Kf2
Nc4 28. Nb3 a4 29. Rhh1 axb3 30. axb3 Ra2 0-1

[Event "20. Obert Int. Sant Marti 2018 - B"]
[Site "Barcelona ESP"]
[Date "2018.07.21"]
[Round "9.30"]
[White "Peter, Louis-Alexis"]
[Black "Valero Recalde, Pablo"]
[Result "1/2-1/2"]
[WhiteElo "1558"]
[BlackElo "1715"]
[PlyCount "45"]
[EventDate "2018.07.13"]
[EventType "swiss"]
[EventRounds "9"]
[EventCountry "ESP"]
[SourceTitle "Ajedrez en Madrid"]
[Source "lmi"]
[SourceDate "2018.07.13"]
[SourceVersion "1"]
[SourceVersionDate "2019.06.21"]
[SourceQuality "1"]

1. b3 d6 2. Bb2 Nf6 3. Bxf6 exf6 4. c4 Be7 5. Nf3 O-O 6. e3 Bf5 7. Nc3 h6 8. d4
Nd7 9. Bd3 Bxd3 10. Qxd3 Re8 11. O-O Bf8 12. Rfe1 g6 13. Rad1 Bg7 14. e4 a6 15.
Re2 Nf8 16. g3 Ne6 17. Nh4 c6 18. f4 c5 19. d5 Nd4 20. Ree1 Qd7 21. Ne2 f5 22.
exf5 Nxf5 23. Rf1 1/2-1/2

[Event "20. Obert Int. Sant Marti 2018 - B"]
[Site "Barcelona ESP"]
[Date "2018.07.21"]
[Round "9.31"]
[White "Han, Xuqian Ben"]
[Black "Castro Estrella, Joan Gabriel"]
[Result "1-0"]
[WhiteElo "1486"]
[BlackElo "1712"]
[PlyCount "117"]
[EventDate "2018.07.13"]
[EventType "swiss"]
[EventRounds "9"]
[EventCountry "ESP"]
[SourceTitle "Ajedrez en Madrid"]
[Source "lmi"]
[SourceDate "2018.07.13"]
[SourceVersion "1"]
[SourceVersionDate "2019.06.21"]
[SourceQuality "1"]

1. e4 e5 2. Nf3 Nc6 3. Bb5 a6 4. Ba4 Nf6 5. d4 exd4 6. O-O d6 7. Nxd4 Bd7 8.
Nxc6 Bxc6 9. Bxc6+ bxc6 10. Qf3 Qd7 11. Nc3 Qg4 12. Qxg4 Nxg4 13. Bf4 O-O-O 14.
Rad1 g6 15. f3 Ne5 16. Bxe5 dxe5 17. Rxd8+ Kxd8 18. Rd1+ Kc8 19. Na4 Be7 20. b3
Rd8 21. Rxd8+ Kxd8 22. Nb2 Kd7 23. Nc4 f6 24. Kf2 Bc5+ 25. Ke2 Bg1 26. h3 Bb6
27. Kd3 Bc5 28. Kc3 Be7 29. Nb2 Bc5 30. Nd3 Bb6 31. Nb4 a5 32. Nd3 c5 33. Kc4
Kc6 34. Nf2 h5 35. Nd3 Ba7 36. Nb2 Bb6 37. Na4 Ba7 38. g4 h4 39. a3 Bb6 40.
Nxb6 cxb6 41. a4 b5+ 42. axb5+ Kb6 43. g5 fxg5 44. Kd5 Kxb5 45. Kxe5 g4 46.
fxg4 c4 47. Kd4 cxb3 48. cxb3 Kb4 49. e5 Kxb3 50. e6 a4 51. e7 a3 52. e8=Q a2
53. Qe1 Kb2 54. Qd2+ Kb1 55. Kc3 a1=Q+ 56. Kb3 Qa4+ 57. Kxa4 g5 58. Ka3 Ka1 59.
Qa2# 1-0

[Event "20. Obert Int. Sant Marti 2018 - B"]
[Site "Barcelona ESP"]
[Date "2018.07.21"]
[Round "9.32"]
[White "Caballero Ortin, Jorge"]
[Black "Moreno Perez, Norberto"]
[Result "0-1"]
[WhiteElo "1628"]
[BlackElo "1874"]
[PlyCount "46"]
[EventDate "2018.07.13"]
[EventType "swiss"]
[EventRounds "9"]
[EventCountry "ESP"]
[SourceTitle "Ajedrez en Madrid"]
[Source "lmi"]
[SourceDate "2018.07.13"]
[SourceVersion "1"]
[SourceVersionDate "2019.06.21"]
[SourceQuality "1"]

1. e4 e5 2. Nf3 Nc6 3. Bc4 Be7 4. c3 Nf6 5. d3 Na5 6. Bb5 a6 7. Ba4 b5 8. Bc2
d6 9. a4 c6 10. axb5 cxb5 11. Nbd2 Bg4 12. h3 Bh5 13. Nf1 Nb7 14. g4 Bg6 15.
Bg5 h5 16. Bxf6 Bxf6 17. Ne3 hxg4 18. Nxg4 Qd7 19. Rh2 Nc5 20. Kd2 Bh5 21.
Nxf6+ gxf6 22. b4 Ne6 23. Bb3 Ng5 0-1

[Event "20. Obert Int. Sant Marti 2018 - B"]
[Site "Barcelona ESP"]
[Date "2018.07.21"]
[Round "9.35"]
[White "Farre Buil, Carles"]
[Black "Ankit, Dalal"]
[Result "1/2-1/2"]
[WhiteElo "1855"]
[BlackElo "1591"]
[PlyCount "96"]
[EventDate "2018.07.13"]
[EventType "swiss"]
[EventRounds "9"]
[EventCountry "ESP"]
[SourceTitle "Ajedrez en Madrid"]
[Source "lmi"]
[SourceDate "2018.07.13"]
[SourceVersion "1"]
[SourceVersionDate "2019.06.21"]
[SourceQuality "1"]

1. e4 e6 2. d4 f5 3. exf5 exf5 4. Bd3 d5 5. Nf3 Nf6 6. O-O Be7 7. Re1 O-O 8. b3
Ne4 9. Ne5 Nd7 10. f3 Nxe5 11. dxe5 Bc5+ 12. Be3 Bxe3+ 13. Rxe3 Qg5 14. Re1 Nc5
15. Bf1 c6 16. Nd2 Be6 17. b4 Nd7 18. Nb3 Qf4 19. Qd4 Qxd4+ 20. Nxd4 Kf7 21. f4
a6 22. a4 c5 23. bxc5 Nxc5 24. a5 Rfc8 25. Reb1 Rc7 26. Rb6 Re8 27. Rab1 Bc8
28. c4 dxc4 29. Bxc4+ Kf8 30. R1b4 Rd8 31. Rd6 Ke7 32. Rxd8 Kxd8 33. Kf2 Ke7
34. Ke3 h6 35. h4 Ne4 36. g4 g6 37. h5 gxh5 38. gxf5 Ng3 39. f6+ Kf8 40. e6 h4
41. Kf3 Nh5 42. Kg4 Nxf6+ 43. Kxh4 Rc5 44. Nb3 Rh5+ 45. Kg3 Ke7 46. Be2 Rd5 47.
Bf3 Rd3 48. Kf2 Bxe6 1/2-1/2

[Event "20. Obert Int. Sant Marti 2018 - B"]
[Site "Barcelona ESP"]
[Date "2018.07.21"]
[Round "9.36"]
[White "Julia Yebra, David"]
[Black "Zhou, Luyu"]
[Result "1/2-1/2"]
[WhiteElo "1808"]
[BlackElo "1542"]
[PlyCount "67"]
[EventDate "2018.07.13"]
[EventType "swiss"]
[EventRounds "9"]
[EventCountry "ESP"]
[SourceTitle "Ajedrez en Madrid"]
[Source "lmi"]
[SourceDate "2018.07.13"]
[SourceVersion "1"]
[SourceVersionDate "2019.06.21"]
[SourceQuality "1"]

1. c4 Nf6 2. Nc3 e6 3. a3 b6 4. Nf3 Bb7 5. g3 Be7 6. Bg2 d5 7. cxd5 exd5 8. d4
O-O 9. O-O Nbd7 10. Bf4 c5 11. Qa4 cxd4 12. Qxd4 Nc5 13. Rad1 Nce4 14. Nxe4
dxe4 15. Qa4 Qe8 16. Qxe8 Rfxe8 17. Nd4 Rad8 18. Nf5 Bf8 19. Nd6 Bxd6 20. Rxd6
Rxd6 21. Bxd6 Ba6 22. Re1 e3 23. fxe3 Rxe3 24. Bf3 Bc4 25. Rc1 Bxe2 26. Kf2 Re8
27. Bxe2 Ne4+ 28. Kf1 Nxd6 29. Rc7 g6 30. Rxa7 Ne4 31. Rd7 Rc8 32. Rd1 Kg7 33.
b3 Rc3 34. Bc4 1/2-1/2

[Event "20. Obert Int. Sant Marti 2018 - B"]
[Site "Barcelona ESP"]
[Date "2018.07.21"]
[Round "9.37"]
[White "Rodriguez Batuecas, Jordi"]
[Black "Corominas Garrido, Antonio"]
[Result "0-1"]
[WhiteElo "1543"]
[BlackElo "1798"]
[PlyCount "104"]
[EventDate "2018.07.13"]
[EventType "swiss"]
[EventRounds "9"]
[EventCountry "ESP"]
[SourceTitle "Ajedrez en Madrid"]
[Source "lmi"]
[SourceDate "2018.07.13"]
[SourceVersion "1"]
[SourceVersionDate "2019.06.21"]
[SourceQuality "1"]

1. e4 c6 2. d4 d5 3. exd5 cxd5 4. Bd3 Nf6 5. c3 Nc6 6. Bf4 e6 7. Nf3 Bd6 8.
Bxd6 Qxd6 9. O-O O-O 10. Re1 b6 11. Nbd2 Bb7 12. Ne5 Nd7 13. Nxd7 Qxd7 14. Qh5
g6 15. Qh6 Rae8 16. a4 f6 17. Qh3 Qf7 18. Re2 e5 19. dxe5 fxe5 20. f3 Re7 21.
Rae1 Qf6 22. Qg3 Rfe8 23. Bb5 a6 24. Bxc6 Bxc6 25. b3 e4 26. fxe4 dxe4 27. Qe3
Bb7 28. Rf1 Qe6 29. Ref2 b5 30. a5 Qd5 31. Re1 Qd8 32. b4 Rd7 33. Qf4 Rf8 34.
Qxf8+ Qxf8 35. Rxf8+ Kxf8 36. Re2 Kf7 37. Kf2 Re7 38. Ke3 Kf6 39. c4 Ke5 40.
cxb5 Rc7 41. Kf2 axb5 42. g3 Kd4 43. Nb3+ Kc3 44. Nc5 Kxb4 45. Nxb7 Rxb7 46. a6
Ra7 47. Rxe4+ Ka5 48. Re6 Rxa6 49. Rxa6+ Kxa6 50. Ke2 Kb6 51. Kd3 Kc5 52. h4 h5
0-1

[Event "20. Obert Int. Sant Marti 2018 - B"]
[Site "Barcelona ESP"]
[Date "2018.07.21"]
[Round "9.38"]
[White "Subirana Santos, Marc"]
[Black "Pinyol I Llora, Julia"]
[Result "1/2-1/2"]
[WhiteElo "1743"]
[BlackElo "1374"]
[PlyCount "41"]
[EventDate "2018.07.13"]
[EventType "swiss"]
[EventRounds "9"]
[EventCountry "ESP"]
[SourceTitle "Ajedrez en Madrid"]
[Source "lmi"]
[SourceDate "2018.07.13"]
[SourceVersion "1"]
[SourceVersionDate "2019.06.21"]
[SourceQuality "1"]

1. d4 d5 2. Nf3 Nf6 3. e3 e6 4. Bd3 Be7 5. O-O O-O 6. b3 b6 7. Bb2 Bb7 8. Nbd2
c5 9. Re1 Ne4 10. c4 Bf6 11. Ne5 Nd7 12. f4 Bxe5 13. fxe5 f6 14. Nf3 fxe5 15.
cxd5 exd5 16. dxc5 bxc5 17. Nxe5 Nb6 18. Qh5 Qg5 19. Qxg5 Nxg5 20. Rf1 Rad8 21.
Rxf8+ 1/2-1/2

[Event "20. Obert Int. Sant Marti 2018 - B"]
[Site "Barcelona ESP"]
[Date "2018.07.21"]
[Round "9.39"]
[White "Cassi De La Viuda, Alex"]
[Black "Campos Barrachina, Edgar"]
[Result "1/2-1/2"]
[WhiteElo "1489"]
[BlackElo "1689"]
[PlyCount "94"]
[EventDate "2018.07.13"]
[EventType "swiss"]
[EventRounds "9"]
[EventCountry "ESP"]
[SourceTitle "Ajedrez en Madrid"]
[Source "lmi"]
[SourceDate "2018.07.13"]
[SourceVersion "1"]
[SourceVersionDate "2019.06.21"]
[SourceQuality "1"]

1. e4 d5 2. exd5 Nf6 3. Nc3 c6 4. dxc6 Nxc6 5. Bb5 Bd7 6. Nf3 Qc7 7. d3 a6 8.
Ba4 b5 9. Bb3 e6 10. Bg5 Be7 11. Qd2 Na5 12. Bf4 Nxb3 13. Bxc7 Nxd2 14. Nxd2
Rc8 15. Be5 b4 16. Nce4 Nxe4 17. Nxe4 Rxc2 18. O-O O-O 19. a3 bxa3 20. bxa3 Bb5
21. Rfd1 Rd8 22. d4 Rdc8 23. Nd6 R8c3 24. Nxb5 axb5 25. Rab1 Bxa3 26. Rxb5 Rc1
27. Rb1 Rxb1 28. Rxb1 Rd3 29. Kf1 f6 30. Ke2 Rc3 31. Kd2 Rc8 32. Bf4 Rd8 33.
Kc3 Rd7 34. Be3 Kf7 35. Rb5 Kg6 36. h4 Be7 37. h5+ Kf7 38. g4 g6 39. f4 gxh5
40. Rxh5 Kg6 41. f5+ exf5 42. Rxf5 Ra7 43. Kd3 Ra1 44. Ke4 Ra2 45. d5 Ra4+ 46.
Kf3 Bd6 47. Bf4 Ra3+ 1/2-1/2

[Event "20. Obert Int. Sant Marti 2018 - B"]
[Site "Barcelona ESP"]
[Date "2018.07.21"]
[Round "9.40"]
[White "Carrasco Cortada, Juan"]
[Black "Arias Aranda, Guillem"]
[Result "0-1"]
[WhiteElo "1649"]
[BlackElo "1576"]
[PlyCount "72"]
[EventDate "2018.07.13"]
[EventType "swiss"]
[EventRounds "9"]
[EventCountry "ESP"]
[SourceTitle "Ajedrez en Madrid"]
[Source "lmi"]
[SourceDate "2018.07.13"]
[SourceVersion "1"]
[SourceVersionDate "2019.06.21"]
[SourceQuality "1"]

1. e4 d6 2. d4 Nf6 3. Nc3 Nbd7 4. Nf3 e5 5. Bc4 Be7 6. Bxf7+ Kxf7 7. Ng5+ Kg8
8. Ne6 Qe8 9. Nxc7 Qg6 10. O-O Rb8 11. Qd3 exd4 12. Qc4+ Qf7 13. Qxd4 Nb6 14.
b3 Be6 15. a4 Ne8 16. N7d5 Nxd5 17. exd5 Bf5 18. Qxa7 Rc8 19. Bd2 Bf6 20. Qe3
Nc7 21. Rac1 Bxc3 22. Qxc3 Nxd5 23. Qa5 h6 24. c4 Ne7 25. Qb6 Nc6 26. Rfe1 Kh7
27. Re3 Qc7 28. Qb5 Bg6 29. Bc3 Rhe8 30. Rg3 Rf8 31. h4 Rf5 32. c5 Rxc5 33. Qe2
Ne5 34. h5 Bd3 35. Rxd3 Nxd3 36. Qxd3+ Kg8 0-1

[Event "20. Obert Int. Sant Marti 2018 - B"]
[Site "Barcelona ESP"]
[Date "2018.07.21"]
[Round "9.41"]
[White "Reyes, Jesus"]
[Black "Sarrate Presas, Jordi"]
[Result "0-1"]
[WhiteElo "1367"]
[BlackElo "1648"]
[PlyCount "92"]
[EventDate "2018.07.13"]
[EventType "swiss"]
[EventRounds "9"]
[EventCountry "ESP"]
[SourceTitle "Ajedrez en Madrid"]
[Source "lmi"]
[SourceDate "2018.07.13"]
[SourceVersion "1"]
[SourceVersionDate "2019.06.21"]
[SourceQuality "1"]

1. e4 c5 2. Nf3 a6 3. d4 cxd4 4. Nxd4 e5 5. Nf3 Nf6 6. Nc3 Bb4 7. Bd2 d6 8. Qe2
Nc6 9. O-O-O b5 10. Nd5 Bxd2+ 11. Rxd2 Nxd5 12. exd5 Ne7 13. h4 Bf5 14. Ne1 Qa5
15. Kb1 O-O 16. g4 Be4 17. Bg2 Bxg2 18. Nxg2 b4 19. Ne3 Qc5 20. g5 a5 21. h5 a4
22. g6 fxg6 23. hxg6 h6 24. Qg4 Rf6 25. Qd7 Ra7 26. Qg4 b3 27. cxb3 axb3 28. a3
Rxg6 29. Qe4 Qc8 30. Rd3 Rf6 31. f3 Rf4 32. Rc3 Qa6 33. Qd3 Qxd3+ 34. Rxd3 Rxf3
35. Rxb3 Kh7 36. Ka2 Nf5 37. Nxf5 Rxf5 38. Rb6 Rf6 39. Rd1 e4 40. Re1 Re7 41.
Rb4 e3 42. Rd4 g5 43. b4 Rf4 44. Rd3 Rf2+ 45. Ka1 e2 46. Rd2 Rf1 0-1

[Event "20. Obert Int. Sant Marti 2018 - B"]
[Site "Barcelona ESP"]
[Date "2018.07.21"]
[Round "9.42"]
[White "Planella Zavala, Ivan"]
[Black "Corominas Garrido, Jordi"]
[Result "1/2-1/2"]
[WhiteElo "1310"]
[BlackElo "1853"]
[PlyCount "87"]
[EventDate "2018.07.13"]
[EventType "swiss"]
[EventRounds "9"]
[EventCountry "ESP"]
[SourceTitle "Ajedrez en Madrid"]
[Source "lmi"]
[SourceDate "2018.07.13"]
[SourceVersion "1"]
[SourceVersionDate "2019.06.21"]
[SourceQuality "1"]

1. e4 e6 2. d4 d5 3. e5 c5 4. Bb5+ Bd7 5. Bxd7+ Nxd7 6. c3 Qb6 7. Nf3 Qa6 8.
Be3 Rc8 9. Nbd2 Ne7 10. Nb3 b6 11. Nc1 Nf5 12. Bf4 cxd4 13. cxd4 Be7 14. Ne2
O-O 15. O-O Rc7 16. Ng3 Nxg3 17. Bxg3 Rfc8 18. Ne1 Qc4 19. Bf4 Qb5 20. Nd3 Rc4
21. Be3 Nb8 22. Rc1 Nc6 23. b3 Rxc1 24. Nxc1 Nb4 25. a4 Qc6 26. Nd3 Qc2 27.
Nxb4 Bxb4 28. Qxc2 Rxc2 29. Rc1 Rxc1+ 30. Bxc1 Kf8 31. Kf1 Ke8 32. Ke2 Kd7 33.
Kd3 Kc6 34. f3 b5 35. axb5+ Kxb5 36. g4 Be1 37. Ba3 a5 38. Bf8 g6 39. Ba3 Bb4
40. Bc1 a4 41. bxa4+ Kxa4 42. h3 Kb3 43. Bg5 Bf8 44. Be3 1/2-1/2